| 000 | 00426nam a2200181Ia 4500 | ||
|---|---|---|---|
| 001 | 16805 | ||
| 005 | 20260306170338.0 | ||
| 008 | 260306t2010||||xx |||||||||||||| ||und|| | ||
| 041 | _aESP | ||
| 082 |
_a657 _bR62 |
||
| 100 |
_aRincón Soto, Carlos Augusto _eAUT |
||
| 245 | 0 | _aContabilidad siglo XXI | |
| 260 | _c2010 | ||
| 300 |
_a347 páginas : _c28 cm. |
||
| 650 | _aGEN | ||
| 654 | _aCCO | ||
| 942 |
_cLIB _dJUS _fJUS _2ddc _n |
||
| 999 |
_c16805 _d16805 |
||